Govett on Philippians. (Record no. 5874)

000 -LEADER
fixed length control field 00603nam a2200181 a 4500
001 - CONTROL NUMBER
control field :::00003616$&:&@@
003 - CONTROL NUMBER IDENTIFIER
control field OkBaRHE
005 - DATE AND TIME OF LATEST TRANSACTION
control field 20000607103308.0
008 - FIXED-LENGTH DATA ELEMENTS--GENERAL INFORMATION
fixed length control field s1985 j 000 0 eng u
040 ## - CATALOGING SOURCE
Transcribing agency
100 1# - MAIN ENTRY--PERSONAL NAME
Personal name Govett, Robert, 1813-
245 10 - TITLE STATEMENT
Title Govett on Philippians.
260 ## - PUBLICATION, DISTRIBUTION, ETC. (IMPRINT)
Place of publication, distribution, etc Miami Springs, FL., :
Name of publisher, distributor, etc Conley & Schoettle Publishing Co., Inc.
Date of publication, distribution, etc c1985
300 ## - PHYSICAL DESCRIPTION
Extent 127 p. ;
Dimensions 22 cm.
650 ## - SUBJECT ADDED ENTRY--TOPICAL TERM
Topical term or geographic name as entry element Bible New Testament Philippians
General subdivision Criticism, Interpretation
942 ## - ADDED ENTRY ELEMENTS (KOHA)
Source of classification or shelving scheme
Koha item type Books
Copies
Current Location Full call number Price effective from Withdrawn status Koha item type Date acquired Barcode Shelving location Not for loan Total Checkouts Copy number Lost status Permanent Location Date last seen Date checked out Source of classification or shelving scheme Total Renewals Damaged status
RHEMA Bible Training CollegeBS 2705 .G5582010-04-14 Books2010-04-143616General Stacks 11 RHEMA Bible Training College2019-04-192019-03-07 1